| 000 | 00667nam a22002057a 4500 | ||
|---|---|---|---|
| 003 | URS | ||
| 005 | 20251025134446.0 | ||
| 008 | 251025b |||||||| |||| 00| 0 eng d | ||
| 040 | _cURS | ||
| 100 |
_4Gabriela PFAFF, Katharina _eAuthor |
||
| 245 |
_aPolarized Politics: _bProtest Againts COVID-19 Containment Policies in the USA/ _cKatharina Gabriela PFAFF |
||
| 300 | _aPages 23-46 | ||
| 336 |
_2rdacontent _atext _btxt |
||
| 337 |
_2rdamedia _aunmediated _bn |
||
| 338 |
_2rdacarrier _avolume _bnc |
||
| 700 | _a Plumper, Thomas | ||
| 700 | _aNeumayer, Eric | ||
| 773 | 0 |
_07583 _992999 _oPIL-00323195.138.1.1 _tPolitical science quarterly: _x00323195 |
|
| 942 |
_2ddc _cCR |
||
| 999 |
_c88483 _d88480 |
||